| 000 | 00983nas a2200325 4500 | ||
|---|---|---|---|
| 001 | BR2014000635 | ||
| 003 | BR-BrBNA | ||
| 005 | 20231205123650.0 | ||
| 007 | ta | ||
| 008 | 230509b bl.|||p| |||| 00| 00por d | ||
| 040 |
_aBR-BrBNA _bpor _cBiblioteca Nacional de Agricultura |
||
| 041 | _a(En) | ||
| 072 | _aL02 | ||
| 100 | 1 | _aValença, R.M.B. | |
| 100 | 1 | _aSilva Junior, V.A. | |
| 100 | 1 | _aAraújo, L.P.C. | |
| 100 | 1 | _aReis, J.C. | |
| 100 | 1 | _aGuerra, M.M.P. | |
| 100 | 1 | _aSoares, P.C. | |
| 100 | 1 | _aCosta, A.N. | |
| 245 | 1 | _aMorphometry and histomorphometry of the testis in crossbred pigs fed diets with different protein levels | |
| 650 | _aSUÍNO | ||
| 650 | _aPROTEÍNA | ||
| 650 | _aDIETA | ||
| 650 | _aTESTICULO | ||
| 650 | _aESPERMA | ||
| 773 | 0 |
_tArquivo Brasileiro de Medicina Veterinária e Zootecnia (Brazil) _xISSN 0102-0935 _g(Oct 2013), v. 65(5) p. 1329-1338 _wBR2014000635 |
|
| 909 |
_a202311 _bLúcia _c55 _dLúcia Elande |
||
| 942 |
_2AGRIS _n0 _cANA |
||
| 999 |
_c235065 _d235065 |
||